ბათუმის შოთა რუსთაველის სახელმწიფო უნივერსიტეტის ბიბლიოთეკა

Господство. (ბიბ.ჩანაწერი № 44557)

000 -LEADER
fixed length control field 00613nam a2200241Ia 4500
001 - CONTROL NUMBER
control field 11360
003 - CONTROL NUMBER IDENTIFIER
control field GE_BSU
008 - FIXED-LENGTH DATA ELEMENTS--GENERAL INFORMATION
fixed length control field 181216s||||||||xx |||||||||||||| ||und||
020 ## - INTERNATIONAL STANDARD BOOK NUMBER
International Standard Book Number 9785468002018
040 ## - CATALOGING SOURCE
Transcribing agency GE_BSU
080 ## - UNIVERSAL DECIMAL CLASSIFICATION NUMBER
Universal Decimal Classification number 1:32(430+44+460)
100 ## - MAIN ENTRY--PERSONAL NAME
Personal name Исаев,И.А.
245 ## - TITLE STATEMENT
Title Господство.
245 ## - TITLE STATEMENT
Remainder of title Очерки политической философии.
245 ## - TITLE STATEMENT
Statement of responsibility, etc. Худ:С.С.Водчиц.
260 ## - PUBLICATION, DISTRIBUTION, ETC.
Place of publication, distribution, etc. Москва.
260 ## - PUBLICATION, DISTRIBUTION, ETC.
Name of publisher, distributor, etc. Норма.
260 ## - PUBLICATION, DISTRIBUTION, ETC.
Date of publication, distribution, etc. 2013.
300 ## - PHYSICAL DESCRIPTION
Extent 352стр;17см.
653 ## - INDEX TERM--UNCONTROLLED
Uncontrolled term Господство.
942 ## - ADDED ENTRY ELEMENTS (KOHA)
Koha item type წიგნი
ეგზემპლარები
Withdrawn status Lost status Damaged status Not for loan Date acquired Barcode Date last seen Price effective from Koha item type
        2018-12-17 35406 2018-12-17 2018-12-17 წიგნი